|
|
|
|
| LEADER |
01402nam a2200373Ia 4500 |
| 001 |
EBC3400815 |
| 003 |
MiAaPQ |
| 005 |
20200520144314.0 |
| 006 |
m o d | |
| 007 |
cr cn||||||||| |
| 008 |
070906s2007 dk a sb 000 0 eng d |
| 010 |
|
|
|z 2007476034
|
| 020 |
|
|
|z 9788763001984
|
| 020 |
|
|
|z 8763001985
|
| 035 |
|
|
|a (MiAaPQ)EBC3400815
|
| 035 |
|
|
|a (Au-PeEL)EBL3400815
|
| 035 |
|
|
|a (CaPaEBR)ebr10465582
|
| 035 |
|
|
|a (OCoLC)923360387
|
| 040 |
|
|
|a MiAaPQ
|c MiAaPQ
|d MiAaPQ
|
| 050 |
|
4 |
|a HF5415.32
|b .H37 2007
|
| 082 |
0 |
4 |
|a 658.8/342
|2 22
|
| 100 |
1 |
|
|a Hansen, Flemming.
|
| 245 |
1 |
0 |
|a Emotions, advertising and consumer choice
|h [electronic resource] /
|c Flemming Hansen & Sverre Riis Christensen ; with research assistance by Steen Lundsteen.
|
| 250 |
|
|
|a 1st ed.
|
| 260 |
|
|
|a [Denmark] :
|b Copenhagen Business School Press,
|c 2007.
|
| 300 |
|
|
|a 462 p. :
|b ill.
|
| 504 |
|
|
|a Includes bibliographical references (p. [431]-462).
|
| 533 |
|
|
|a Electronic reproduction. Ann Arbor, MI : ProQuest, 2015. Available via World Wide Web. Access may be limited to ProQuest affiliated libraries.
|
| 650 |
|
0 |
|a Consumer behavior.
|
| 650 |
|
0 |
|a Advertising
|x Psychological aspects.
|
| 655 |
|
4 |
|a Electronic books.
|
| 700 |
1 |
|
|a Christensen, Sverre Riis.
|
| 710 |
2 |
|
|a ProQuest (Firm)
|
| 856 |
4 |
0 |
|u https://ebookcentral.proquest.com/lib/matrademy/detail.action?docID=3400815
|z Click to View
|